000 00614cab a2200205 4500
001 WB3044-40
008 090401t1994 xxu||||| |||| 00| 0 eng d
035 _a(Sirsi) u10346
041 _aeng
245 _aHouse inflation aids business
260 _c1994
350 _a0
490 _aIndependent
_v24 November 1994, 8(1)
520 _aRising house prices produce more business start-ups according to a study funded by the ESRC.
650 _aHOUSE PRICES
650 _aMORTGAGE INTEREST RELIEF
690 _aPROPERTY-RESIDENTIAL PROPERTY-RESIDENTIAL PROPERTY MARKET
942 _n0
948 _c04/03/1997
999 _c6515
_d6515